[Event "Bloemfontein-ch op"]
[Site "Bloemfontein"]
[Date "2018.07.07"]
[Round "1"]
[White "Odendaal, Frederick"]
[Black "Sisa, Eddy"]
[Result "1-0"]
[WhiteElo "2021"]
[BlackElo "1620"]
[PlyCount "106"]
[EventDate "2018.07.07"]
[EventType "swiss"]
[EventRounds "11"]
[EventCountry "RSA"]
[SourceTitle "EXT 2019"]
[Source "ChessBase"]
[SourceDate "2018.10.10"]
[SourceVersion "1"]
[SourceVersionDate "2018.10.10"]
[SourceQuality "1"]

1. d4 c6 2. Nf3 d5 3. e3 Nf6 4. Bd3 Bg4 5. Nbd2 e6 6. 0-0 Bd6 7. c4 Nbd7 8. Qc2 Rc8 9. c5 Bb8 10. b4 Qc7 11. Bb2 h6 12. Ne5 g6 13. f3 Nxe5 14. dxe5 Nd7 15. fxg4 Nxe5 16. Nf3 Nxf3+ 17. gxf3 e5 18. Qg2 Rg8 19. e4 Rd8 20. Rae1 f6 21. exd5 cxd5 22. f4 e4 23. Bxf6 Kf7 24. Bxd8 Rxd8 25. Bc2 Kg7 26. Qf2 Qd7 27. h3 h5 28. Bd1 hxg4 29. Bxg4 Qe7 30. Qd4+ Kh6 31. Re2 b6 32. Kg2 Bc7 33. c6 Qd6 34. Qe5 Qxc6 35. Qg5+ Kg7 36. f5 Qd6 37. Qxg6+ Qxg6 38. fxg6 Kxg6 39. Be6 Rd6 40. Bc8 Bd8 41. Bb7 Bg5 42. Rd1 e3 43. Rxd5 Re6 44. Rd3 Re7 45. Bc6 Re6 46. b5 Bf4 47. Rd4 Bg5 48. Bf3 Re7 49. h4 Bh6 50. Rd6+ Kh7 51. Bc6 Rg7+ 52. Kh3 Rg1 53. Be4+ Kh8 1-0